000
002810000a22000970004500
100
1
_a
Landrey, Pablo
245
1
0
_a
Celebrating the past, trusting God for the future
300
_a
Vol. 74, Num.4 (Octubre-Diciembre, 1994), Página 4
773
0
_t
Latin America Evangelist
942
_c
ANA
999
_c
54868
_d
54868